[Event "46th Capablanca Memorial Open B"]
[Site "Havana CUB"]
[Date "2011.05.14"]
[Round "4.13"]
[White "Gomez Torres,Richard Daniel"]
[Black "Hernandez Gonzalez,W"]
[Result "0-1"]
[WhiteElo "2151"]
[BlackElo "2206"]

1.d4 Nf6 2.c4 g6 3.Nf3 Bg7 4.Nc3 O-O 5.e4 d6 6.Be2 e5 7.O-O Nc6 8.dxe5 dxe5
9.Qxd8 Nxd8 10.Bg5 Ne6 11.Bxf6 Bxf6 12.Nd5 Bg7 13.Rfd1 Re8 14.Bd3 c6 15.Ne3 Bd7
16.b4 Rad8 17.c5 Nd4 18.Bc4 h6 19.g3 Ne6 20.Bb3 Nd4 21.Nxd4 exd4 22.Nc4 Bg4
23.Rd2 Re7 24.Re1 d3 25.e5 Kh7 26.f4 f6 27.Re3 fxe5 28.fxe5 Bf5 29.g4 Bxg4
30.Rdxd3 Rxd3 31.Rxd3 Bxe5 32.Nxe5 Rxe5 33.Rd8 Bf5 34.Ra8 Re4 35.a3 Re3 36.Bf7 Kg7
37.Bc4 Rxa3 38.Rb8 b5 39.cxb6 axb6 40.Rb7+ Kf6 41.Rxb6 Be4 42.Ba6 Ke5 43.Bb7 Ra1+
44.Kf2 Ra2+ 45.Ke3 Rxh2 46.b5 Rh3+ 47.Ke2 cxb5  0-1

[Event "3rd Metropolitan Qualifier"]
[Site "Los Angeles USA"]
[Date "2011.05.14"]
[Round "2"]
[White "Sobel,S"]
[Black "Mikayelyan,Mher"]
[Result "0-1"]
[WhiteElo "1897"]
[BlackElo "2003"]

1.d4 Nf6 2.c4 g6 3.Nc3 Bg7 4.e4 d6 5.Nf3 O-O 6.Be2 e5 7.O-O Nc6 8.d5 Ne7
9.Ne1 Ne8 10.Nd3 f5 11.Bd2 Nf6 12.f3 f4 13.c5 Ne8 14.Rc1 g5 15.Qc2 Ng6 16.cxd6 cxd6
17.Nb5 Qb6+ 18.Nf2 Rf7 19.a4 Bf8 20.a5 Qd8 21.Qb3 Bd7 22.Rc2 a6 23.Na3 Rc8
24.Nc4 Bb5 25.Rfc1 h5 26.Bd3 Rcc7 27.Nb6 Bxd3 28.Qxd3 Rxc2 29.Rxc2 Nc7 30.Bb4 Ne7
31.h3 Kh7 32.Bxd6 Qxd6 33.Nc4 Qf6 34.d6 Nc6 35.dxc7 Rxc7 36.Nb6 Rg7 37.Nd7 Qe7
38.Nxf8+ Qxf8 39.Qc3 Nd4 40.Qc5 Qf6 41.Rd2 Rd7 42.Rd3 Qg7 43.Kh2 Rc7  0-1

[Event "TCh-HUN 2010-11"]
[Site "Decs HUN"]
[Date "2011.05.15"]
[Round "11"]
[White "Kiss,Pa1"]
[Black "Toth,E"]
[Result "0-1"]
[WhiteElo "2381"]
[BlackElo "2414"]

1.d4 g6 2.e4 Bg7 3.c4 d6 4.Nc3 Nf6 5.Nf3 O-O 6.Be2 e5 7.O-O Nc6 8.d5 Ne7
9.Ne1 Nd7 10.f3 f5 11.g4 Kh8 12.Kh1 Ng8 13.Rg1 f4 14.Nd3 Bf6 15.Bd2 Rf7 16.Be1 h6
17.Bf2 Rh7 18.Kg2 h5 19.h3 Nf8 20.Rh1 Bh4 21.Qe1 Bxf2 22.Qxf2 g5 23.Rag1 Ng6
24.Kf1 Nf6 25.Ke1 a6 26.Kd2 c5 27.a4 Bd7 28.Ra1 Kg7 29.Qf1 Qa5 30.Nf2 Rb8
31.Kc2 Qc7 32.Qb1 Rhh8 33.Qg1 hxg4 34.hxg4 Nh4 35.Nd3 b6 36.Ne1 Ng6 37.Nd3 Rxh1
38.Qxh1 Rh8 39.Qg1 Qb8 40.Nf2 Rh7 41.Qg2 Ne8 42.Nd3 Nc7 43.Rh1 Nh4 44.Qf2 Rh8
45.Rb1 b5 46.Nxc5 dxc5 47.Qxc5 Ng6 48.axb5 axb5 49.Ra1 b4 50.Ra7 bxc3 51.Kxc3 Rc8
52.Kc2 Kh6 53.Qa5 Be8 54.Kb1 Nf8 55.b4 Bg6 56.Kb2 Nce6 57.dxe6 Nxe6 58.Ra6 Nd4
59.Bd3 Nc6 60.Qb6 Qd6 61.Kc3 Qd4+ 62.Qxd4 exd4+ 63.Kb3 Ne5 64.Bf1 Nxf3  0-1

[Event "46th Capablanca Memorial Open B"]
[Site "Havana CUB"]
[Date "2011.05.15"]
[Round "5.37"]
[White "Fernandez Mayola,R"]
[Black "Cabrera Ladron de Guevara,M"]
[Result "1-0"]
[WhiteElo "2131"]
[BlackElo "2022"]

1.d4 Nf6 2.c4 g6 3.Nc3 Bg7 4.e4 d6 5.Nf3 O-O 6.Be2 e5 7.O-O Nc6 8.d5 Ne7
9.Ne1 Nd7 10.Nd3 f5 11.Bd2 f4 12.Bg4 Nf6 13.Bxc8 Rxc8 14.f3 g5 15.b4 Rf7
16.g4 Bf8 17.Be1 h5 18.h3 Ng6 19.Bf2 hxg4 20.hxg4 a6 21.c5 Qd7 22.Kg2 Nh4+
23.Bxh4 gxh4 24.Rh1 Rh7 25.Rc1 Be7 26.Na4 Rf8 27.Nf2 Bd8 28.c6 Qc8 29.cxb7 Qxb7
30.Qb3 Be7 31.Rc6 Rb8 32.Rb1 Kh8 33.Qc4 Qb5 34.Qxb5 axb5 35.Nc3 Bd8 36.Rb3 Ra8
37.Rb2 Rb8 38.Ra6 Nd7 39.Rb3 Kg7 40.Kh3 Kg6 41.Rba3 Nb6 42.R3a5 Nc4 43.Rxb5 Rc8
44.Ne2 Nd2 45.Ng1 Nc4 46.Rc6 Nb2 47.Ra5 Rb8 48.a3 Rh8 49.Rc2 c5 50.Ra6 cxb4
51.Rxb2 b3 52.Rxd6+ Kf7 53.Nd3 Re8 54.Rd7+ Kf6 55.Nb4 Bb6 56.Ne2 Rbc8 57.Rd6+  1-0

[Event "TCh-UKR Clubs 2011"]
[Site "Alushta UKR"]
[Date "2011.05.16"]
[Round "4.5"]
[White "Strelnikov,S"]
[Black "Khader,Sam"]
[Result "1-0"]
[WhiteElo "2425"]
[BlackElo "2411"]

1.Nf3 Nf6 2.c4 g6 3.Nc3 Bg7 4.e4 d6 5.d4 O-O 6.Be2 e5 7.O-O Nc6 8.d5 Ne7
9.Ne1 Nd7 10.Be3 f5 11.f3 f4 12.Bf2 g5 13.Rc1 Rf6 14.Nd3 Rh6 15.Be1 Rg6 16.b4 h5
17.h3 Nf6 18.Nf2 c6 19.a3 Bh6 20.Rb1 cxd5 21.cxd5 Bd7 22.a4 Kh7 23.a5 g4
24.fxg4 hxg4 25.hxg4 Qg8 26.Rb2 Nxg4 27.Bxg4 Bxg4 28.Nxg4 Rxg4 29.Rf3 Qg6
30.Rh3 Rg8 31.Qf3 Qe8 32.Rc2 Qc8 33.Qd3 R8g7 34.Nb5 Qb8 35.Nc7 Qg8 36.Rxh6+ Kxh6
37.Qh3+ Kg5 38.Ne6+ Kf6 39.Bh4+ Kf7 40.Nxg7 Qxg7 41.Rc7 Qg6 42.Bxe7 f3  1-0

[Event "9th Somov Mem"]
[Site "Kirishi RUS"]
[Date "2011.05.16"]
[Round "9"]
[White "Goganov,A"]
[Black "Atabayev,Y"]
[Result "1/2-1/2"]
[WhiteElo "2480"]
[BlackElo "2319"]

1.d4 Nf6 2.Nf3 g6 3.c4 Bg7 4.Nc3 O-O 5.e4 d6 6.Be2 e5 7.O-O Nc6 8.d5 Ne7
9.Ne1 Nd7 10.Nd3 f5 11.Bd2 Nf6 12.f3 f4 13.c5 g5 14.cxd6 cxd6 15.Nf2 Ng6
16.Qc2 Rf7 17.Rfc1 a6 18.a4 b6 19.Qb3 h5 20.h3 Nh4 21.Na2 g4 22.fxg4 hxg4
23.hxg4 Bf8 24.Nb4 Rg7 25.Be1 Bxg4 26.Nxg4 Nxg4 27.Bxg4 Rxg4 28.Qh3 Qg5 29.Bxh4 Rxh4
30.Qe6+ Kh8 31.Rc3 Ra7 32.Rc8 Qg7 33.Ra3 Re7 34.Qxd6 Rf7 35.Rf3 Rg4 36.Rxf8+  1/2-1/2

[Event "46th Capablanca Memorial Open B"]
[Site "Havana CUB"]
[Date "2011.05.18"]
[Round "7.25"]
[White "Fernandez,AL"]
[Black "Mancebo,P"]
[Result "1/2-1/2"]
[WhiteElo "2116"]
[BlackElo "2205"]

1.d4 Nf6 2.c4 g6 3.Nc3 Bg7 4.e4 d6 5.Be2 O-O 6.Nf3 e5 7.O-O Nc6 8.dxe5 dxe5
9.Qxd8 Rxd8 10.Bg5 Re8 11.Nd5 Nxd5 12.cxd5 Nd4 13.Nxd4 exd4 14.Bd3 Bd7 15.Rac1 Rac8
16.Rc2 c5 17.Rfc1 b6  1/2-1/2

[Event "20th Croatian Cup"]
[Site "Sibenik CRO"]
[Date "2011.05.18"]
[Round "1.62"]
[White "Solic,K"]
[Black "Rogic,D"]
[Result "0-1"]
[WhiteElo "2237"]
[BlackElo "2581"]

1.d4 Nf6 2.c4 g6 3.Nc3 Bg7 4.e4 d6 5.Nf3 O-O 6.Be2 e5 7.O-O Nc6 8.dxe5 Nxe5
9.Nxe5 dxe5 10.Be3 Nd7 11.c5 c6 12.Qc2 Qe7 13.b4 Re8 14.Rfd1 Nf8 15.Bc4 Ne6
16.Ne2 a5 17.a3 Nd4 18.Qb2 Bg4 19.f3 Be6 20.Bxe6 Nxe6 21.Rd6 axb4 22.axb4 Rxa1+
23.Qxa1 Rd8 24.Rxd8+ Qxd8 25.Qe1 Qd3 26.Qd2 Qc4 27.Kf2 Nd4 28.Bxd4 exd4 29.Nc1 d3
30.Nxd3 Bc3 31.Qd1 Bxb4  0-1

[Event "20th Croatian Cup"]
[Site "Sibenik CRO"]
[Date "2011.05.19"]
[Round "3.44"]
[White "Ghersinich,G"]
[Black "Susnjar,M"]
[Result "1/2-1/2"]
[WhiteElo "1898"]
[BlackElo "2224"]

1.d4 Nf6 2.c4 g6 3.Nc3 d6 4.e4 Bg7 5.Nf3 O-O 6.Be2 e5 7.O-O Nc6 8.d5 Ne7
9.Ne1 Nd7 10.Nd3 f5 11.f4 fxe4 12.Nxe4 Nf5 13.fxe5 Nxe5 14.Ndf2 h6 15.a4 Qe7
16.Ra3 a5 17.Bd2 Bd7 18.Qc1 g5 19.Kh1 b6 20.Bh5 Be8 21.Bxe8 Raxe8 22.b4 axb4
23.Bxb4 Ra8 24.a5 bxa5 25.Bxa5 g4 26.c5 h5 27.Bd2 Rxa3 28.Qxa3 Nc4 29.cxd6 cxd6
30.Qd3 Nxd2 31.Qxd2 Bh6 32.Qb4 Qe5 33.Qa5 g3 34.hxg3 Nxg3+ 35.Nxg3 Qxg3 36.Qe1 Bf4
37.Qe6+ Kg7 38.Qh3 Be5 39.Qxg3+ Bxg3 40.Kg1 Rxf2 41.Rxf2 Bxf2+ 42.Kxf2 Kf6
43.Kg3 Ke5 44.Kh4 Kxd5 45.Kxh5 Ke5 46.g4 d5 47.g5 d4 48.g6 d3 49.g7 d2 50.g8=Q d1=Q+
51.Kh6 Qh1+ 52.Kg7 Qg2+ 53.Kf8 Qxg8+ 54.Kxg8  1/2-1/2

[Event "Trophee Roza Lallemand"]
[Site "Chalons en Champagne FRA"]
[Date "2011.05.21"]
[Round "4.1"]
[White "Guichard,P"]
[Black "De Seroux,C"]
[Result "1-0"]
[WhiteElo "2303"]
[BlackElo "2086"]

1.d4 Nf6 2.c4 g6 3.Nc3 Bg7 4.e4 d6 5.Be2 O-O 6.Nf3 e5 7.O-O Nc6 8.d5 Ne7
9.Ne1 Nd7 10.Be3 f5 11.f3 Nf6 12.c5 f4 13.Bf2 g5 14.Rc1 Rf7 15.cxd6 cxd6
16.Nb5 Ne8 17.Nxa7 Bd7 18.Qb3 Ng6 19.Qb6 Qb8 20.Bb5 Bxb5 21.Qxb5 Rxa7 22.Bxa7 Qxa7+
23.Kh1 Nc7 24.Qb4 Bf8 25.Nd3 Nh4 26.Nf2 Na6 27.Qa5 Qe3 28.Ng4 Qd4 29.Qd8 Qd2
30.Qxg5+ Ng6 31.Rc8 Qe2 32.Rg1 Kg7 33.Nh6 Rf6 34.Nf5+ Kf7 35.Rxf8+ Nxf8 36.Qg7+ Ke8
37.Qe7+  1-0

[Event "20th Croatian Cup"]
[Site "Sibenik CRO"]
[Date "2011.05.21"]
[Round "5.13"]
[White "Martic,Z"]
[Black "Jankovic,A"]
[Result "0-1"]
[WhiteElo "2356"]
[BlackElo "2573"]

1.d4 Nf6 2.c4 g6 3.Nc3 Bg7 4.e4 d6 5.Nf3 O-O 6.Be2 e5 7.O-O Nc6 8.d5 Ne7
9.Qc2 Nd7 10.Be3 f5 11.Ng5 Nf6 12.Rad1 f4 13.Bc1 c5 14.g3 Ne8 15.Qd3 Nc7
16.gxf4 exf4 17.Nf3 g5 18.Nxg5 Ng6 19.Nf3 Na6 20.a3 Nb8 21.Kh1 Nd7 22.Rg1 Kh8
23.b4 b6 24.Bb2 Nde5 25.Qc2 Bd7 26.bxc5 bxc5 27.Nb5 Qe7 28.Rb1 Bf6 29.Ba1 Nxf3
30.Bxf6+ Rxf6 31.Bxf3 Ne5 32.Qe2 Rh6 33.Rg2 Bh3 34.Rgg1 Qh4 35.Nxd6 Rxd6
36.Qb2 Re8 37.Qb7 Bd7 38.Rb3 Rh6 39.Rg2 Qf6 40.Qxa7 Rh3 41.Rb6 Qd8 42.Bd1 f3
43.Bxf3 Rxf3 44.Re6 Ng6 45.Rd6 Rf7 46.Qxc5 Rxe4 47.Qb4 Qe7 48.h3 Re1+ 49.Kh2 Qe5+  0-1

[Event "4th Beirut Open"]
[Site "Beirut LIB"]
[Date "2011.05.22"]
[Round "9.2"]
[White "Kotanjian,T"]
[Black "Mohannad,F"]
[Result "1/2-1/2"]
[WhiteElo "2517"]
[BlackElo "2200"]

1.d4 Nf6 2.c4 g6 3.Nc3 Bg7 4.e4 d6 5.Nf3 O-O 6.Be2 e5 7.O-O Nc6 8.d5 Ne7
9.Ne1 Nd7 10.Nd3 f5 11.Bd2 f4 12.Bg4 Kh8 13.Qe2 g5 14.Rfc1 Ng6 15.f3 a5 16.b3 b6
17.Nf2 Nf6 18.Bxc8 Qxc8 19.Nb5 h5 20.h3 Nh4 21.Be1 Bh6 22.Rc3 Rg8 23.Rd1 Qd7
24.Kf1 Raf8 25.Nd3 Ng6 26.Nf2 Nh4 27.Nd3 Ng6 28.Nf2 Nh4  1/2-1/2

[Event "84th ch-St Petersburg"]
[Site "St Petersburg RUS"]
[Date "2011.05.22"]
[Round "2"]
[White "Bazeev,G"]
[Black "Yevseev,D"]
[Result "1-0"]
[WhiteElo "2315"]
[BlackElo "2527"]

1.d4 Nf6 2.c4 g6 3.Nc3 Bg7 4.e4 d6 5.Nf3 O-O 6.Be2 e5 7.O-O Nc6 8.d5 Ne7
9.Ne1 Nd7 10.Be3 f5 11.f3 f4 12.Bf2 g5 13.Rc1 Rf6 14.c5 a6 15.c6 bxc6 16.dxc6 Nf8
17.Nd5 Rh6 18.Kh1 Nxd5 19.exd5 Qe8 20.Bg1 Ng6 21.Nd3 Nh4 22.Nf2 Nf5 23.Ne4 Rb8
24.Qd2 Qg6 25.Rc4 Ng3+ 26.Nxg3 fxg3 27.Qe1 Rxb2 28.Re4 Bf5 29.Re3 e4 30.fxe4 Bxe4
31.Qxg3 Rh4 32.Bf3 Be5 33.Bxe4 Rxe4 34.Qh3 g4 35.Qh4 Rb8 36.Rxe4 Qxe4 37.Qe7 Qxd5
38.Qxc7 Re8 39.Qd7 Qe6 40.Qxe6+ Rxe6 41.c7 Re8 42.Rb1  1-0

[Event "Zonal 3.3 Women"]
[Site "Tagaytay City PHI"]
[Date "2011.05.27"]
[Round "5"]
[White "Li Ruofan"]
[Black "Mendoza,B"]
[Result "1-0"]
[WhiteElo "2423"]
[BlackElo "2040"]

1.d4 Nf6 2.c4 d6 3.Nf3 g6 4.Nc3 Bg7 5.e4 O-O 6.Be2 Nc6 7.O-O e5 8.d5 Ne7
9.b4 Nh5 10.Re1 f5 11.Ng5 h6 12.Ne6 Bxe6 13.dxe6 Nf4 14.Bxf4 exf4 15.Rc1 Be5
16.Bf3 fxe4 17.Bxe4 c6 18.b5 Qc8 19.bxc6 bxc6 20.Qf3 Rf6 21.c5 Qxe6 22.cxd6 Bxc3
23.Qxc3 Qxd6 24.Rcd1 Nd5 25.Rxd5 cxd5 26.Bxd5+ Qxd5 27.Qxf6 Qf7 28.Qc6 Rd8
29.h4 Kh7 30.a4 Rd7 31.Re6  1-0

[Event "e2e4 Sunningdale Open"]
[Site "Ascot ENG"]
[Date "2011.05.28"]
[Round "2"]
[White "Coates,D"]
[Black "Andreev,Pete"]
[Result "1-0"]
[WhiteElo "2080"]
[BlackElo "1880"]

1.d4 Nf6 2.c4 g6 3.Nc3 Bg7 4.e4 d6 5.Nf3 O-O 6.Be2 e5 7.O-O Nc6 8.d5 Ne7
9.b4 Ne8 10.Nd2 f5 11.c5 Nf6 12.f3 h5 13.Nc4 f4 14.cxd6 cxd6 15.Nb5 Ne8 16.a4 Rf7
17.a5 Bf8 18.Bd2 g5 19.Be1 Qd7 20.Nc3 Ng6 21.Bf2 g4 22.Na3 Rg7 23.Nab5 g3
24.hxg3 fxg3 25.Bxg3 h4 26.Bh2 Nf4 27.Bxf4 Qh3 28.Rf2 exf4 29.Bd3 Qg3 30.Ne2 Qg5
31.Qd2 Rf7 32.Kf1 Bg7 33.Rc1 a6 34.Nbd4 h3 35.gxh3 Bxh3+ 36.Ke1 Be5 37.Qb2 Qh4
38.Ng1 Rg7 39.Nxh3 Qxh3 40.Bf1 Qg3 41.Qd2 Qg1 42.Nf5 Rg5 43.Rg2 Rxg2 44.Qxg2+ Qxg2
45.Bxg2 Kf7 46.Bh3 Kg6 47.Ne7+ Kf7 48.Nc8 Bd4 49.Ke2 Kf6 50.Bd7 Ng7 51.Rc7 Nh5
52.Rxb7 Ng3+ 53.Kd3 Ke5 54.Bg4 Bf2 55.Re7+ Kf6 56.Re6+ Kf7 57.Rxd6  1-0

[Event "ch-UZB Major"]
[Site "Tashkent UZB"]
[Date "2011.05.30"]
[Round "10"]
[White "Khamrakulov,D"]
[Black "Kasyan,A"]
[Result "1-0"]
[WhiteElo "2490"]
[BlackElo "2340"]

1.d4 Nf6 2.c4 g6 3.Nc3 Bg7 4.Nf3 O-O 5.e4 d6 6.Be2 e5 7.O-O Nc6 8.d5 Ne7
9.b4 a5 10.Ba3 Nd7 11.Nd2 axb4 12.Bxb4 f5 13.a4 b6 14.a5 Bh6 15.exf5 gxf5
16.Qc2 Nc5 17.axb6 Rxa1 18.Rxa1 cxb6 19.Nb5 Ng6 20.Ra7 Kh8 21.Nb3 Nf4 22.Nxc5 Nxg2
23.Kxg2 Rg8+ 24.Kf1 Qh4 25.Bf3 Qh3+ 26.Ke2 Rg1 27.Ra1 Rxa1 28.Be1 bxc5 29.Nxd6 Bd7
30.Qb2 Ra8 31.Qxe5+ Bg7 32.Qe7 Ba4 33.Nf7+ Kg8 34.Ng5 Qh6 35.d6  1-0

[Event "TCh-FRA Top 12 2011"]
[Site "Mulhouse FRA"]
[Date "2011.06.02"]
[Round "8"]
[White "Meier,Geo"]
[Black "Williams,Si1"]
[Result "1-0"]
[WhiteElo "2650"]
[BlackElo "2520"]

1.d4 Nf6 2.c4 g6 3.Nc3 Bg7 4.e4 d6 5.Nf3 O-O 6.Be2 e5 7.O-O Nc6 8.d5 Ne7
9.Nd2 Ne8 10.b4 f5 11.c5 Nf6 12.f3 f4 13.Nc4 g5 14.a4 Ng6 15.Ba3 Rf7 16.b5 Bf8
17.b6 dxc5 18.bxc7 Rxc7 19.d6 Rg7 20.Nb5 Be6 21.Bb2 a6 22.Nc7 Rxc7 23.dxc7 Qxc7
24.Qb3 Nd7 25.Qc3 Re8 26.a5 Nb8 27.Nb6 Nc6 28.Bc4 Nd4 29.Bxe6+ Rxe6 30.Qc4 Qf7
31.Rab1 h5 32.Qd5 Nc2 33.Nc4 Nb4 34.Qd8 Re7 35.Nd6 Qf6 36.Nf5 Re6 37.Rfd1 Ne7
38.Bc3 Nxf5 39.exf5 Qxf5 40.Bxb4 cxb4 41.Rxb4 g4 42.Rxb7 gxf3 43.gxf3 e4
44.Rd5 Re5 45.Rxe5 Qxe5 46.fxe4 Qc5+ 47.Kg2 Qc2+ 48.Kf3 Qc3+ 49.Kxf4 Qc1+
50.Kf5 Qf1+ 51.Kg6 Qg2+ 52.Qg5 Qxe4+ 53.Kxh5+ Kh8 54.Qf6+  1-0

[Event "TCh-FRA Top 12 2011"]
[Site "Mulhouse FRA"]
[Date "2011.06.03"]
[Round "9"]
[White "Demuth,A"]
[Black "Neiman,E"]
[Result "1/2-1/2"]
[WhiteElo "2414"]
[BlackElo "2345"]

1.d4 Nf6 2.c4 g6 3.Nc3 Bg7 4.e4 O-O 5.Nf3 d6 6.Be2 e5 7.O-O Nc6 8.d5 Ne7
9.Ne1 Nd7 10.Nd3 f5 11.Bd2 fxe4 12.Nxe4 Nf5 13.f3 a5 14.b3 b6 15.Kh1 Nc5
16.Ndxc5 bxc5 17.Bd3 Bd7 18.Qe1 a4 19.b4 cxb4 20.Bxb4 Rb8 21.c5 Bb5 22.Rd1 Re8
23.cxd6 cxd6 24.Bxb5 Rxb5 25.g4 Ne3 26.Nxd6 Rxb4 27.Nxe8 Nxf1 28.Qxb4 Ne3
29.Rd3 Bh6 30.Nd6 Qf8 31.Rxe3 Bxe3 32.Qe4 Qxd6 33.Qxe3 Qxd5 34.Qe4 Qd4  1/2-1/2

[Event "38th OKU 2011"]
[Site "Utrecht NED"]
[Date "2011.06.03"]
[Round "1.16"]
[White "Roelofs,Rik"]
[Black "Beekman,R"]
[Result "0-1"]
[WhiteElo "1900"]
[BlackElo "2249"]

1.d4 Nf6 2.Nf3 g6 3.c4 Bg7 4.Nc3 O-O 5.e4 d6 6.Be2 e5 7.O-O Nc6 8.d5 Ne7
9.Rb1 Nh5 10.Re1 f5 11.Ng5 Nf6 12.f3 h6 13.Ne6 Bxe6 14.dxe6 c6 15.Qd3 Qc7
16.f4 fxe4 17.Nxe4 Nxe4 18.Qxe4 d5 19.Qc2 e4 20.Kh1 Qd6 21.b3 Nf5 22.cxd5 cxd5
23.Rd1 Nd4 24.Rxd4 Bxd4 25.Qd2 Bg7 26.e7 Qxe7 27.Qxd5+ Kh7 28.Qa5 Qd7 29.Be3 Rfd8
30.Qb4 b6 31.h3 Rac8 32.Rd1 Qe6 33.Rxd8 Rxd8 34.Bg4 Qd5 35.Be2 Rd7 36.Kh2 Bd4
37.Bc4 Qd6 38.Qe1 Bxe3 39.Qxe3 Qd4 40.Qg3 e3 41.f5 g5 42.Qb8 Qf4+  0-1

[Event "5th Wunsiedel Open 2011"]
[Site "Wunsiedel GER"]
[Date "2011.06.03"]
[Round "3"]
[White "Kesten,S"]
[Black "Stets,D"]
[Result "0-1"]
[WhiteElo "2198"]
[BlackElo "2488"]

1.d4 Nf6 2.Nf3 g6 3.c4 Bg7 4.Nc3 O-O 5.e4 d6 6.Be2 e5 7.O-O Nc6 8.d5 Ne7
9.Ne1 Nd7 10.Be3 f5 11.f3 f4 12.Bf2 g5 13.Rc1 Rf6 14.c5 a6 15.cxd6 cxd6 16.a4 Rh6
17.Kh1 Nf6 18.Nd3 Qe8 19.a5 Bd7 20.g4 fxg3 21.Bxg3 Ng6 22.Qb3 Nf4 23.Qxb7 N6h5
24.Bf2 Rb8 25.Qa7 Nxd3 26.Bxd3 Nf4 27.Qe3 Rxh2+  0-1

[Event "TCh-BIH w 2011"]
[Site "Neum BIH"]
[Date "2011.06.04"]
[Round "1.2"]
[White "Dedijer,S"]
[Black "Malokas,N"]
[Result "1-0"]
[WhiteElo "2056"]
[BlackElo "1980"]

1.d4 Nf6 2.c4 g6 3.Nc3 Bg7 4.e4 d6 5.Nf3 O-O 6.Be2 e5 7.O-O Nc6 8.d5 Ne7
9.b4 h6 10.c5 Nh7 11.Qb3 Kh8 12.Bb2 f5 13.Nd2 Nf6 14.f3 f4 15.Nc4 a6 16.cxd6 cxd6
17.b5 Ne8 18.Kh1 Bd7 19.a4 Nc8 20.a5 g5 21.Ba3 Rf6 22.Rab1 h5 23.bxa6 bxa6
24.Nb6 Ra7 25.Nxc8 Qxc8 26.Rfc1 Qa8 27.Qb8 Bf8 28.Qxa8 Rxa8 29.Rb6 Bc8 30.Na2 Rf7
31.Nb4 Rfa7 32.Nc6 Rc7 33.Rcb1 Kg7 34.h3 Nf6 35.Nb8 Nd7 36.Nxd7 Rxd7 37.Rc1 Bb7
38.Rcb1 Bc8 39.Bd1 Raa7 40.Ba4 Rd8 41.Bc6 Be7 42.Bb7 Bxb7 43.Rxb7 Rd7 44.Rxd7 Rxd7
45.Rb6 Kf7 46.Rxa6 Ke8 47.Rc6 Kd8 48.a6 Bf8 49.Bb4 Ke8 50.Kg1 g4 51.hxg4 hxg4
52.fxg4 Be7 53.Kf2 Bh4+ 54.Ke2 Be7 55.Ba5 Ra7 56.Bc7 Kd7 57.Bb8 Ra8 58.a7 Bh4
59.Rxd6+ Kc8 60.Re6 Bd8 61.Rxe5 Bb6 62.Rf5 Bc7 63.Bxc7 Kxc7 64.Rxf4  1-0

[Event "38th OKU 2011"]
[Site "Utrecht NED"]
[Date "2011.06.04"]
[Round "2"]
[White "Lombaers,P"]
[Black "Goudriaan,E"]
[Result "1-0"]
[WhiteElo "2065"]
[BlackElo "2307"]

1.d4 Nf6 2.c4 g6 3.Nc3 Bg7 4.e4 d6 5.Nf3 O-O 6.Be2 e5 7.O-O Nc6 8.d5 Ne7
9.b4 Nh5 10.Re1 a5 11.bxa5 Rxa5 12.Nd2 Nf4 13.Bf1 c5 14.a4 Ra6 15.Ra3 Nh5
16.Be2 Nf6 17.Nf1 Nd7 18.g4 f5 19.exf5 gxf5 20.gxf5 Nf6 21.Ng3 Nxf5 22.Nce4 Nxe4
23.Nxe4 Bd7 24.Bg4 Nd4 25.Rh3 Bxa4 26.Qd3 Bc2 27.Be6+ Nxe6 28.Qxc2 Nd4 29.Qd3 Qd7
30.Kh1 Qf5 31.Rg1 Ra1 32.Rhg3 Rf7 33.Qe3 Qf4 34.Nxd6 Qxe3 35.Bxe3 Rxg1+ 36.Rxg1 Rc7
37.Bxd4 cxd4 38.Nf5 Rf7 39.Nh6+ Kf8 40.Nxf7 Kxf7 41.Rb1 d3 42.Rd1 e4 43.f3 Bc3
44.fxe4 d2 45.e5 Kg6 46.Kg2 Kf5 47.e6 Bb4 48.Kf3 Ke5 49.Rxd2  1-0

[Event "FSIM June"]
[Site "Budapest HUN"]
[Date "2011.06.05"]
[Round "2"]
[White "Kislik,E"]
[Black "Foo,Be"]
[Result "1-0"]
[WhiteElo "2347"]
[BlackElo "2195"]

1.Nf3 Nf6 2.c4 g6 3.Nc3 Bg7 4.e4 d6 5.d4 O-O 6.Be2 e5 7.O-O Nc6 8.d5 Ne7
9.Ne1 Nd7 10.Nd3 f5 11.Bd2 a5 12.Rc1 b6 13.f3 f4 14.g4 g5 15.a3 Ba6 16.Nf2 Ng6
17.b4 axb4 18.axb4 Rf7 19.Qb3 Rb8 20.Ra1 Bb7 21.Ra7 Bf8 22.Rb1 Ne7 23.Be1 Nc8
24.Ra2 Be7 25.Nd3 Qf8 26.Bf1 h5 27.h3 Rh7 28.Nb5 hxg4 29.hxg4 Qh6 30.Bg2 Bd8
31.c5 bxc5 32.bxc5 Nxc5 33.Nxc5 dxc5 34.d6+ Kh8 35.dxc7 Bxc7 36.Nxc7 Ba6
37.Nxa6 Rxb3 38.Rxb3 Nb6 39.Nxc5 Qd6 40.Bf2 Rc7 41.Rab2 Nc4 42.Rd3 Qf8 43.Rc2 Rxc5
44.Rdc3 Rc8 45.Rxc4 Rxc4 46.Rxc4 Qd6 47.Bf1 Kg7 48.Rc5 Kf6 49.Rd5 Qa3 50.Kg2 Qb3
51.Rd6+ Kg7 52.Bc4 Qb4 53.Rd7+ Kf6 54.Bf7 Qf8 55.Bh5 Ke6 56.Rh7 Kd6 57.Bf7 Qe7
58.Rh6+ Kc7 59.Bb6+ Kd7 60.Be6+ Kc6 61.Bc4+ Kd7 62.Bb5+ Kc8 63.Bc6  1-0

[Event "38th OKU 2011"]
[Site "Utrecht NED"]
[Date "2011.06.05"]
[Round "6"]
[White "Lombaers,P"]
[Black "Ootes,La"]
[Result "0-1"]
[WhiteElo "2065"]
[BlackElo "2358"]

1.d4 Nf6 2.c4 g6 3.Nc3 Bg7 4.e4 d6 5.Nf3 O-O 6.Be2 e5 7.O-O Nc6 8.d5 Ne7
9.b4 Ne8 10.c5 f5 11.Nd2 Nf6 12.f3 f4 13.Ba3 g5 14.Nc4 Ng6 15.b5 dxc5 16.Bxc5 Rf7
17.a4 h5 18.a5 g4 19.Kh1 g3 20.b6 Bf8 21.Bg1 Bh3 22.bxc7 Bxg2+ 23.Kxg2 Nh4+
24.Kh3 Qd7+ 25.Kxh4 Nh7 26.d6 Bh6 27.Nxe5 Bg5+ 28.Kxh5 Qh3+ 29.Kg6 Qh6+  0-1

[Event "Zonal 3.4 Women"]
[Site "Tashkent UZB"]
[Date "2011.06.11"]
[Round "4.4"]
[White "Hamrakulova,Y"]
[Black "Qurbonboeva,S"]
[Result "1/2-1/2"]
[WhiteElo "2201"]
[BlackElo "2073"]

1.d4 Nf6 2.c4 g6 3.Nc3 Bg7 4.e4 d6 5.Nf3 O-O 6.Be2 e5 7.O-O Nc6 8.d5 Ne7
9.b4 Nh5 10.Re1 f5 11.Ng5 Nf4 12.Bxf4 exf4 13.Rc1 a5 14.b5 fxe4 15.Ncxe4 Nf5
16.Bg4 Nd4 17.Bxc8 Rxc8 18.Nf3 Nxf3+ 19.Qxf3 Rf5 20.Re2 Qd7 21.Nd2 Re8 22.Rce1 Rxe2
23.Rxe2 Re5 24.Rxe5 Bxe5 25.Qe4 Qe7 26.Nf3 Kg7 27.g3 fxg3 28.hxg3 Bf6 29.Qd3 Kg8
30.Kg2 Kf7 31.Kf1 Ke8 32.Kg2 Kf7 33.Kf1 Ke8  1/2-1/2

[Event "5th ENCI Limburg Open"]
[Site "Maastricht NED"]
[Date "2011.06.12"]
[Round "5"]
[White "Bekker,Stefan"]
[Black "Berg,E"]
[Result "0-1"]
[WhiteElo "2162"]
[BlackElo "2608"]

1.d4 Nf6 2.c4 g6 3.Nc3 Bg7 4.e4 d6 5.Nf3 O-O 6.Be2 e5 7.O-O Nc6 8.d5 Ne7
9.Ne1 Nd7 10.Nd3 f5 11.Bd2 Kh8 12.Rc1 fxe4 13.Nxe4 Nf5 14.Bg4 Nf6 15.Bg5 h6
16.Bxf6 Bxf6 17.c5 Bg7 18.Kh1 Qh4 19.cxd6 Nxd6 20.Bxc8 Raxc8 21.Nxd6 cxd6
22.Rxc8 Rxc8 23.Qb3 e4 24.Qxb7 Rf8 25.Qb4 g5 26.Nc1 Rxf2 27.Qe1 Be5 28.h3 Qg3  0-1

[Event "ODEM U25-A"]
[Site "Oberhof GER"]
[Date "2011.06.12"]
[Round "2.7"]
[White "Krause,Jonah"]
[Black "Wurm,A"]
[Result "1-0"]
[WhiteElo "1911"]
[BlackElo "2062"]

1.d4 Nf6 2.c4 g6 3.Nc3 Bg7 4.e4 d6 5.Nf3 O-O 6.Be2 Nc6 7.O-O e5 8.d5 Ne7
9.Ne1 Nd7 10.Be3 f5 11.f3 f4 12.Bf2 g5 13.a4 h5 14.Nb5 Nf6 15.Nxa7 Bd7 16.Nb5 Rf7
17.c5 Ne8 18.cxd6 cxd6 19.b4 Bf8 20.a5 Ng6 21.Bb6 Qf6 22.Nc3 g4 23.fxg4 hxg4
24.Bxg4 Qh4 25.Bxd7 Rxd7 26.Rf3 Rh7 27.Rh3 Qg5 28.Rxh7 Kxh7 29.Nf3 Qg4 30.b5 Be7
31.a6 Nf6 32.axb7 Rg8 33.Ra8 Nf8 34.Qe2  1-0

[Event "ch-Queensland"]
[Site "Gold Coast AUS"]
[Date "2011.06.13"]
[Round "8.6"]
[White "Grigg,S"]
[Black "McClymont,Brodie"]
[Result "1-0"]
[WhiteElo "2020"]
[BlackElo "2042"]

1.c4 Nf6 2.Nc3 g6 3.e4 d6 4.d4 Bg7 5.Nf3 O-O 6.Be2 e5 7.O-O Nc6 8.d5 Ne7
9.b4 Nh5 10.c5 h6 11.Nd2 Nf4 12.Nc4 f5 13.cxd6 cxd6 14.Bxf4 exf4 15.e5 dxe5
16.d6 Nc6 17.Qd5+ Kh7 18.b5 Nb8 19.Nxe5 Qe8 20.d7 Nxd7 21.Nxd7 Qxd7 22.Qxd7 Bxd7
23.Rac1 Be6 24.Bf3 Bc4 25.Rfe1 Rae8 26.Rxe8 Rxe8 27.h3 Re7 28.Nd5 Bxd5 29.Bxd5 Bd4
30.Kf1 Kg7 31.Rc4 Bb6 32.Rxf4 Re5 33.Bc4 Rc5 34.Bd3 Rc1+ 35.Ke2 Ra1 36.Ra4 Kf6
37.Kf3 h5 38.h4 Ke5 39.Ke2 Rg1 40.g3 Bd4 41.f4+ Kd5 42.Bc4+ Kc5 43.Bf7 Rg2+
44.Kf1 Rg1+ 45.Ke2 Bf6 46.Kf2 Rc1 47.Bxg6 Kxb5 48.Be8+ Kb6 49.Bxh5 Be7 50.Bf7 Kb5
51.Be8+ Kb6 52.Kg2 Bc5 53.Bd7 Rc2+ 54.Kh3 Rc3 55.Bxf5 Bf2 56.Rb4+ Kc5 57.Rb3 Rc4
58.Rxb7 Ra4 59.Rb2 Bd4 60.Rc2+ Kd6 61.h5 Bg7 62.Bg6 Ra3 63.Kg4 Bh6 64.Be4 Ke7
65.Rc7+ Kf8 66.Rc6 Bg7 67.h6 Bb2 68.h7 Rxa2 69.Rc8+ Ke7 70.h8=Q Bxh8 71.Rxh8 a5
72.Kf5 a4 73.Ra8 a3 74.g4 Ra1 75.g5 a2 76.g6 Kd6 77.Bc2 Rb1 78.Rxa2 Rb5+
79.Kf6  1-0

[Event "Voronezh FIDE Open"]
[Site "Voronezh RUS"]
[Date "2011.06.13"]
[Round "2.35"]
[White "Cho,S"]
[Black "Fadin,E"]
[Result "0-1"]
[WhiteElo "1801"]
[BlackElo "2161"]

1.d4 Nf6 2.c4 g6 3.Nc3 Bg7 4.Nf3 O-O 5.e4 d6 6.Be2 e5 7.O-O Nc6 8.d5 Ne7
9.Ne1 Nd7 10.Be3 f5 11.f3 f4 12.Bf2 h5 13.Nd3 g5 14.c5 Nf6 15.cxd6 cxd6 16.Rc1 Bd7
17.Qb3 b6 18.Nb4 Kh8 19.Nb5 Bxb5 20.Bxb5 Ne8 21.Qa4 Nc7 22.Nc6 Qe8 23.Nxe7 Nxb5
24.Ng6+ Qxg6 25.Qxb5 g4 26.Kh1 Rg8 27.Bh4 Bh6 28.Rg1 Rg7 29.Qa6 Kh7 30.Qb5 Rag8
31.Qf1 Rf7 32.Qe2 Bf8 33.Qb5 Rfg7 34.Qf1 Qe8 35.Qc4 Be7 36.Bxe7 Qxe7 37.Qb5 Qh4
38.Qe2 Qf6 39.Qb5 Kh8 40.Qe2 h4 41.fxg4 Rxg4 42.h3 R4g5 43.Qf3 Qg6 44.Rc2 Rg3
45.Qd1 f3 46.Qe1 Qg5 47.Rf2 fxg2+  0-1

[Event "Voronezh FIDE Open"]
[Site "Voronezh RUS"]
[Date "2011.06.13"]
[Round "2.15"]
[White "Hudyakov,S"]
[Black "Avtsynov,A"]
[Result "1-0"]
[WhiteElo "2192"]
[BlackElo "1964"]

1.d4 Nf6 2.c4 g6 3.Nc3 Bg7 4.e4 O-O 5.Be2 d6 6.Nf3 e5 7.O-O Nc6 8.d5 Ne7
9.Ne1 Ne8 10.f3 f5 11.g4 fxg4 12.fxg4 Rxf1+ 13.Kxf1 h6 14.h4 Qd7 15.Nd3 Bf6
16.Qe1 h5 17.g5 Qh3+ 18.Kg1 Bh8 19.Qf2 Ng7 20.Qh2 Qd7 21.Be3 Qe8 22.Nb5 Qd8
23.Nxa7 Bd7 24.a4 Ngf5 25.exf5 Nxf5 26.Qf2 c5 27.Nb5 Bxb5 28.cxb5 e4 29.Nf4 Nxe3
30.Ne6 Bd4 31.Nxd8 Nc2 32.Rc1 Rxd8 33.Rxc2 Rf8 34.Bf1 Rf4 35.Kg2 Bxf2 36.Rxf2 Rxh4  1-0